| 000 | 00304 a2200133 4500 | ||
|---|---|---|---|
| 001 | 78268 | ||
| 082 | _a297 KHA | ||
| 090 |
_c39384 _d39384 |
||
| 100 | _aKhalil ur rehman | ||
| 245 |
_aIslamiat Compulsory _hUrdu |
||
| 260 |
_aLahore _b1995 _cJadeed Book Depot |
||
| 300 | _a277p | ||
| 500 | _aCFT Textbook | ||
| 942 |
_aCAE NUST _k297 KHA |
||
| 999 |
_c313341 _d313341 |
||